<?xml version="1.0" encoding="UTF-8"?>
<record
    xmlns:xsi="http://www.w3.org/2001/XMLSchema-instance"
    xsi:schemaLocation="http://www.loc.gov/MARC21/slim http://www.loc.gov/standards/marcxml/schema/MARC21slim.xsd"
    xmlns="http://www.loc.gov/MARC21/slim">

  <leader>04107nam a2200577Ia 4500</leader>
  <controlfield tag="001">4340</controlfield>
  <controlfield tag="008">241029s9999    xx            000 0 und d</controlfield>
  <datafield tag="010" ind1=" " ind2=" ">
    <subfield code="a">4083</subfield>
  </datafield>
  <datafield tag="041" ind1=" " ind2=" ">
    <subfield code="a">Espa&#xF1;ol</subfield>
  </datafield>
  <datafield tag="082" ind1=" " ind2=" ">
    <subfield code="a">NO APLICA</subfield>
  </datafield>
  <datafield tag="245" ind1=" " ind2="0">
    <subfield code="a">Incidencia de la violencia intrafamiliar en el rendimiento acad&#xE9;mico de las mujeres estudiantes en el Centro-UASD-San Juan</subfield>
  </datafield>
  <datafield tag="260" ind1=" " ind2=" ">
    <subfield code="a">San Juan</subfield>
  </datafield>
  <datafield tag="300" ind1=" " ind2=" ">
    <subfield code="a">112</subfield>
  </datafield>
  <datafield tag="520" ind1=" " ind2=" ">
    <subfield code="a">15</subfield>
  </datafield>
  <datafield tag="630" ind1=" " ind2=" ">
    <subfield code="a">Convivencia</subfield>
  </datafield>
  <datafield tag="630" ind1=" " ind2=" ">
    <subfield code="a">D&#xE9;ficit de Atenci&#xF3;n</subfield>
  </datafield>
  <datafield tag="630" ind1=" " ind2=" ">
    <subfield code="a">Disminuci&#xF3;n de la Violencia</subfield>
  </datafield>
  <datafield tag="630" ind1=" " ind2=" ">
    <subfield code="a">Factores Emocionales</subfield>
  </datafield>
  <datafield tag="630" ind1=" " ind2=" ">
    <subfield code="a">Incidencia</subfield>
  </datafield>
  <datafield tag="650" ind1=" " ind2=" ">
    <subfield code="a">Violencia</subfield>
  </datafield>
  <datafield tag="690" ind1=" " ind2=" ">
    <subfield code="a">Elaborado</subfield>
  </datafield>
  <datafield tag="700" ind1=" " ind2=" ">
    <subfield code="e">asesor</subfield>
    <subfield code="a"> Molina, Cristina</subfield>
  </datafield>
  <datafield tag="700" ind1=" " ind2=" ">
    <subfield code="e">autor</subfield>
    <subfield code="a"> Medina Far&#xED;as , Gina Elynor</subfield>
  </datafield>
  <datafield tag="700" ind1=" " ind2=" ">
    <subfield code="e">autor</subfield>
    <subfield code="a"> Roa De La Rosa, Hilda Mar&#xED;a</subfield>
  </datafield>
  <datafield tag="901" ind1=" " ind2=" ">
    <subfield code="a">{"1":" Medina Far&#xED;as ","2":" Roa De La Rosa"}</subfield>
    <subfield code="b">{"1":"Gina Elynor","2":"Hilda Mar&#xED;a"}</subfield>
  </datafield>
  <datafield tag="902" ind1=" " ind2=" ">
    <subfield code="a">1</subfield>
  </datafield>
  <datafield tag="903" ind1=" " ind2=" ">
    <subfield code="a">{"1":" Molina"}</subfield>
    <subfield code="b">{"1":"Cristina"}</subfield>
  </datafield>
  <datafield tag="904" ind1=" " ind2=" ">
    <subfield code="a">Maestr&#xED;a en</subfield>
  </datafield>
  <datafield tag="905" ind1=" " ind2=" ">
    <subfield code="a">Ense&#xF1;anza Superior</subfield>
  </datafield>
  <datafield tag="906" ind1=" " ind2=" ">
    <subfield code="a">2</subfield>
  </datafield>
  <datafield tag="907" ind1=" " ind2=" ">
    <subfield code="a">NO APLICA</subfield>
  </datafield>
  <datafield tag="908" ind1=" " ind2=" ">
    <subfield code="a">NO APLICA</subfield>
  </datafield>
  <datafield tag="909" ind1=" " ind2=" ">
    <subfield code="a">Centro Universitario Regional del Oeste, CURO (UASD)</subfield>
  </datafield>
  <datafield tag="910" ind1=" " ind2=" ">
    <subfield code="a">NULL</subfield>
    <subfield code="b">NULL</subfield>
  </datafield>
  <datafield tag="911" ind1=" " ind2=" ">
    <subfield code="a">["1"]</subfield>
  </datafield>
  <datafield tag="912" ind1=" " ind2=" ">
    <subfield code="a">NO APLICA</subfield>
  </datafield>
  <datafield tag="913" ind1=" " ind2=" ">
    <subfield code="a">NULL</subfield>
  </datafield>
  <datafield tag="914" ind1=" " ind2=" ">
    <subfield code="a">02 de Diciembre de 2013</subfield>
  </datafield>
  <datafield tag="915" ind1=" " ind2=" ">
    <subfield code="a">20/07/15 12:07</subfield>
  </datafield>
  <datafield tag="916" ind1=" " ind2=" ">
    <subfield code="a">NULL</subfield>
  </datafield>
  <datafield tag="917" ind1=" " ind2=" ">
    <subfield code="a">NULL</subfield>
  </datafield>
  <datafield tag="918" ind1=" " ind2=" ">
    <subfield code="a">NO APLICA</subfield>
  </datafield>
  <datafield tag="919" ind1=" " ind2=" ">
    <subfield code="a">["238","53","69","107","209"]</subfield>
  </datafield>
  <datafield tag="520" ind1=" " ind2=" ">
    <subfield code="a">El estudio se plante&#xF3; como objetivo principal determinar la relaci&#xF3;n de &#xA0;la violencia intrafamiliar en el rendimiento acad&#xE9;mico de las mujeres estudiantes en el Centro UASD-San Juan. Dentro de los &#xA0;objetivos espec&#xED;ficos se destacan; determinar los efectos &#xA0;de la violencia en el rendimiento acad&#xE9;mico, e identificar las principales caracter&#xED;sticas de la violencia en la poblaci&#xF3;n de mujeres alumnas objeto de estudio.La metodolog&#xED;a utilizada fue de tipo cualitativo y se fundament&#xF3; en el cuestionario como instrumento para la recolecci&#xF3;n de las informaciones. Se trabaj&#xF3; con una muestra de un &#xA0;20% del universo del sexo femenino, es decir 840 (ochocientos cuarenta) estudiantes de diferentes carreras y edades.Dentro de los hallazgos m&#xE1;s relevantes se destacan que &#xA0;los problemas con la pareja les afecta el rendimiento acad&#xE9;mico, provocando discusiones por el tiempo dedicado a los estudios y recibiendo criticas por parte de su pareja, el porcentaje m&#xE1;s elevado se encontr&#xF3; en el rango de edad de 30 a 40 a&#xF1;os con una proporci&#xF3;n de un 60 % donde el mayor nivel de violencia se produce dentro del grupo de mujeres casadas;&#xA0;el porcentaje m&#xE1;s elevado se encontraba en la categor&#xED;a de 40 a 50 a&#xF1;os con un 58%, en donde el grupo de mayor vulnerabilidad segu&#xED;a correspondiendo a las mujeres que conviv&#xED;an en &#xA0;uni&#xF3;n libre, para un porcentaje de un 47%. Otro hallazgo fue &#xA0;donde se preguntaba si hab&#xED;a sido golpeada por su pareja &#xA0;pudo ser observado &#xA0;que la constante se sigue manteniendo en el rango de 40 a 50 a&#xF1;os con un total de un 41%, &#xA0;pero aqu&#xED; se produjo un empate en las categor&#xED;as de las mujeres que se encuentran en uni&#xF3;n libre y las casadas.En esta investigaci&#xF3;n se sugiere &#xA0;que esta &#xA0;alta casa de estudio debe fomentar la prevenci&#xF3;n, atenci&#xF3;n &#xA0;y la ayuda tanto psicol&#xF3;gica, m&#xE9;dica y legal seg&#xFA;n el caso amerite, para que pueda dar respuestas a una sociedad cada d&#xED;a m&#xE1;s violenta.Que se instituya un &#xA0;Departamento de Atenci&#xF3;n a V&#xED;ctimas &#xA0;donde un grupo de profesionales multi-sectoriales puedan dar apoyo a estas mujeres tales como m&#xE9;dicos, psic&#xF3;logos y/o orientadoras/es , abogados, &#xA0;entre otros para contribuir a disminuir la violencia mediante charlas educativas, grupo de apoyo permanente para fomentar la prevenci&#xF3;n.&#xA0;Que se refuerce la labor pedag&#xF3;gica de los docentes, donde existan espacios reflexivos que favorezcan &#xA0;a la sensibilizaci&#xF3;n de estos al respecto de la violencia intrafamiliar, ya que se ha comprobado que &#xE9;sta incide en el rendimiento acad&#xE9;mico.&#xA0;</subfield>
  </datafield>
  <datafield tag="921" ind1=" " ind2=" ">
    <subfield code="a">24</subfield>
  </datafield>
  <datafield tag="922" ind1=" " ind2=" ">
    <subfield code="a">24</subfield>
  </datafield>
  <datafield tag="923" ind1=" " ind2=" ">
    <subfield code="a">0</subfield>
  </datafield>
  <datafield tag="924" ind1=" " ind2=" ">
    <subfield code="a">NO APLICA</subfield>
  </datafield>
  <datafield tag="942" ind1=" " ind2=" ">
    <subfield code="c">Tesis</subfield>
  </datafield>
  <datafield tag="999" ind1=" " ind2=" ">
    <subfield code="c">4083</subfield>
    <subfield code="d">4083</subfield>
  </datafield>
</record>
